<?xml version="1.0" encoding="UTF-8"?>
<record
    xmlns:xsi="http://www.w3.org/2001/XMLSchema-instance"
    xsi:schemaLocation="http://www.loc.gov/MARC21/slim http://www.loc.gov/standards/marcxml/schema/MARC21slim.xsd"
    xmlns="http://www.loc.gov/MARC21/slim">

  <leader>02566aam a2200349 i 4500</leader>
  <controlfield tag="001">768714001</controlfield>
  <controlfield tag="003">CO-MdFUSB</controlfield>
  <controlfield tag="005">20211215130624.0</controlfield>
  <controlfield tag="007">ta</controlfield>
  <controlfield tag="008">211213t1985    -usa|||| |||| 00| 0 eng d</controlfield>
  <datafield tag="020" ind1=" " ind2=" ">
    <subfield code="a">0851510590</subfield>
  </datafield>
  <datafield tag="040" ind1=" " ind2=" ">
    <subfield code="b">spa.</subfield>
    <subfield code="a">CO-MdFUSB</subfield>
    <subfield code="c">CO-MdFUSB</subfield>
    <subfield code="d">CO-MdFUSBC</subfield>
    <subfield code="e">rda</subfield>
  </datafield>
  <datafield tag="041" ind1=" " ind2=" ">
    <subfield code="a">eng</subfield>
  </datafield>
  <datafield tag="082" ind1="0" ind2="4">
    <subfield code="a">270.6 </subfield>
    <subfield code="2">23</subfield>
    <subfield code="b">M564r</subfield>
  </datafield>
  <datafield tag="100" ind1="1" ind2=" ">
    <subfield code="a">DAubign&#xE9;, J. H. Merle (1794-1872)</subfield>
    <subfield code="e">autor</subfield>
  </datafield>
  <datafield tag="245" ind1="1" ind2="4">
    <subfield code="a">The reformation in England </subfield>
    <subfield code="c">/ J. H. Merle d'Aubigne</subfield>
  </datafield>
  <datafield tag="264" ind1=" " ind2="1">
    <subfield code="a">Carlisle, PA., USA : The Banner of Truth Trust</subfield>
    <subfield code="b">The Banner of Truth Trust, </subfield>
    <subfield code="c">[1985]</subfield>
  </datafield>
  <datafield tag="264" ind1=" " ind2="4">
    <subfield code="c">&#xA9; 1985</subfield>
  </datafield>
  <datafield tag="300" ind1=" " ind2=" ">
    <subfield code="a">476 p&#xE1;ginas</subfield>
    <subfield code="c">; 22 cm</subfield>
  </datafield>
  <datafield tag="336" ind1=" " ind2=" ">
    <subfield code="a">texto</subfield>
    <subfield code="b">txt</subfield>
    <subfield code="2">rdacontent</subfield>
  </datafield>
  <datafield tag="337" ind1=" " ind2=" ">
    <subfield code="2">rdamedia</subfield>
    <subfield code="a">sin mediaci&#xF3;n</subfield>
    <subfield code="b">n</subfield>
  </datafield>
  <datafield tag="338" ind1=" " ind2=" ">
    <subfield code="2">rdacarrier</subfield>
    <subfield code="a">volumen</subfield>
    <subfield code="b">nc</subfield>
  </datafield>
  <datafield tag="505" ind1=" " ind2=" ">
    <subfield code="t">Libro I. Inglaterra antes de la reforma: </subfield>
    <subfield code="a">Cristo m&#xE1;s poderoso que los altares druidas y las espadas romanas. -- Iona contra Roma. -- Roma "convierte" a Gran Breta&#xF1;a. -- El conflicto con la supremac&#xED;a papal. -- El hierro de la esclavitud espiritual. -- Grosseteste y Bradwardine. -- Flujos de luz de Lutterworth. -- La estrella de la ma&#xF1;ana de la reforma. -- Las quemaduras de Lollard. -- El nuevo saber y la nueva dinast&#xED;a. -- Guerra, matrimonio y predicaci&#xF3;n. -- Wolsey's subi&#xF3; al poder. -- La necesidad de reforma. </subfield>
  </datafield>
  <datafield tag="505" ind1=" " ind2=" ">
    <subfield code="t">Libro II. El avivamiento de la iglesia:</subfield>
    <subfield code="a">El origen de la reforma inglesa. -- El testamento griego despierta a los muertos. -- Persecuci&#xF3;n e intriga. -- Una tormenta en Sodbury Hall. -- El ataque a Lutero. -- Primeros m&#xE1;rtires en Lincolnshire. -- Toda Inglaterra cerrada a Tyndale. -- Bluff Hugh latimer.
las esperanzas y los temores de Wolsey. -- El trabajo de un exiliado por la vida de una naci&#xF3;n. -- El despertar en Cambrigde.</subfield>
  </datafield>
  <datafield tag="505" ind1=" " ind2=" ">
    <subfield code="t">Libro tres. El Nuevo Testamento en ingl&#xE9;s y la corte de Roma:</subfield>
    <subfield code="a">El a&#xF1;o de gracia. -- Bautismo del sufrimiento de Oxford. -- La severidad del papado. -- La tempestad contra la verdad. -- Se abre la cuesti&#xF3;n del divorcio. -- Ana Bolena. -- Bilney en fuerza y &#x200B;&#x200B;debilidad. -- La campa&#xF1;a por el divorcio de Henry. -- El dilema y la duplicidad de Clemente VII. -- Las amenazas reales contrarrestan la astucia papal. -- Las desesperadas demandas de Wolsey.</subfield>
  </datafield>
  <datafield tag="505" ind1=" " ind2=" ">
    <subfield code="t">Libro cuatro. Los dos divorcios:</subfield>
    <subfield code="a">"Mil lobos para Ana Bolena" -- Escritura y la propagaci&#xF3;n del avivamiento. -- Campeggio llega a inglaterra. -- La b&#xFA;squeda de William Tyndale. -- Presentar a Thomas Cranner.</subfield>
  </datafield>
  <datafield tag="563" ind1=" " ind2=" ">
    <subfield code="a">R&#xFA;stico</subfield>
  </datafield>
  <datafield tag="653" ind1=" " ind2=" ">
    <subfield code="a">Reforma</subfield>
  </datafield>
  <datafield tag="942" ind1=" " ind2=" ">
    <subfield code="c">BK</subfield>
  </datafield>
  <datafield tag="945" ind1=" " ind2=" ">
    <subfield code="a">JTF-925</subfield>
  </datafield>
  <datafield tag="952" ind1=" " ind2=" ">
    <subfield code="0">0</subfield>
    <subfield code="1">0</subfield>
    <subfield code="2">ddc</subfield>
    <subfield code="3">1</subfield>
    <subfield code="4">0</subfield>
    <subfield code="7">0</subfield>
    <subfield code="8">GEN</subfield>
    <subfield code="a">FUSBC</subfield>
    <subfield code="b">FUSBC</subfield>
    <subfield code="d">2005-01-14</subfield>
    <subfield code="l">0</subfield>
    <subfield code="o">G 270.6 M564r </subfield>
    <subfield code="p">6903</subfield>
    <subfield code="r">2019-12-12 00:00:00</subfield>
    <subfield code="t">Vol. 1, ej. 1</subfield>
    <subfield code="w">2016-01-26</subfield>
    <subfield code="y">BK</subfield>
    <subfield code="B">0</subfield>
    <subfield code="k">2</subfield>
    <subfield code="I">INV2023</subfield>
  </datafield>
  <datafield tag="952" ind1=" " ind2=" ">
    <subfield code="0">0</subfield>
    <subfield code="1">0</subfield>
    <subfield code="2">ddc</subfield>
    <subfield code="3">2</subfield>
    <subfield code="4">0</subfield>
    <subfield code="7">0</subfield>
    <subfield code="8">GEN</subfield>
    <subfield code="a">FUSBC</subfield>
    <subfield code="b">FUSBC</subfield>
    <subfield code="d">2021-12-15</subfield>
    <subfield code="l">0</subfield>
    <subfield code="o">G 270.6 M564r </subfield>
    <subfield code="p">6904</subfield>
    <subfield code="r">2019-12-12 00:00:00</subfield>
    <subfield code="t">Vol. 2, ej. 1</subfield>
    <subfield code="w">2016-01-26</subfield>
    <subfield code="y">BK</subfield>
    <subfield code="B">0</subfield>
    <subfield code="k">2</subfield>
    <subfield code="I">INV2023</subfield>
  </datafield>
  <datafield tag="999" ind1=" " ind2=" ">
    <subfield code="c">38679</subfield>
    <subfield code="d">38679</subfield>
  </datafield>
</record>
